Statistics for Biggest Great Lakes Cities

Click here to take the quiz!

General Stats

  • This quiz has been taken 20,212 times
    (16,297 since last reset)
  • The average score is 8 of 20

Answer Stats

Population City % Correct
9,504,753Chicago
96%
4,285,832Detroit
90%
5,583,064Toronto
80%
2,068,283Cleveland
74%
1,134,039Buffalo
70%
1,562,216Milwaukee
66%
309,469Green Bay
49%
280,985Erie
46%
650,266Toledo
39%
1,055,278Rochester
35%
279,815Duluth
32%
721,053Hamilton
27%
392,184St. Catharines / Niagara
27%
319,246Windsor
27%
159,561Kingston
15%
356,177Oshawa
8%
195,388Racine
7%
171,302Muskegon
6%
266,300Holland / Grand Haven
6%
156,941Benton Harbor
4%

Score Distribution

Percentile by Number Answered

Percent of People with Each Score

Your Score History

You have not taken this quiz since the last reset